Регионална библиотека "Любен Каравелов" - Русе

Сеитбооборотни опити в Образцов чифлик край Русе (Запис номер 167576)

MARC детайли
000 -Лидер
Контролно поле с фиксирана дължина 01536nam a2200349 c 4500
003 - Код на организацията, давaща контролен номер
Контролно поле BLK
005 - Дата и час на последна редакция
Контролно поле 20220210133213.0
008 - Елементи от данни с фиксирана дължина
fixed length control field 180411b bul|||||r ||||||| ||bul||
010 ## - Наследен системен номер
LC control number KNG00175388000
040 ## - Източник на каталожния запис
Идентификатор на билиотеката - собственик на записа BLK
041 ## - Код за език
Код за езика на текст/звукозапис или на отделно заглавие Български
Код за езика КДБФ Български
072 #7 - Код за тематичната категория
Код организация bullib
Код за тематична категория К
Текст Краезнание
080 ## - УДК
Текстов определител УДК Общи въпроси на селското стопанство
УДК код - определител по УДК 631
УДК - код + определител 631
100 1# - Редна дума - Автор
Автор Маждраков, Панайот Дончев
Авторска отговорност първи автор
R(LIN) 337569
139 ## - Редно поле
Редна дума Маждраков, Панайот Дончев
Авторски знак Маж - М 15
245 10 - Сведения за заглавието
Заглавие Сеитбооборотни опити в Образцов чифлик край Русе
Редно поле (дума) Панайот Дончев Маждраков.
257 ## - Страна на издаване
Страна на създаване/издаване България
260 ## - Област на издателските данни
Име на издателя, разпространителя и проч. М-во на земеделието и държ. имоти
Година на издаване 1941
Печатница Трявна : Боню Ненков
300 ## - Физическа характеристика
Страници 40 с.
Размери/Мащаб 24 см
380 ## - Жанр
Жанр Селско стопанство
500 ## - Общи забележки
Забележка Изд. на Държ. земед. опитна и контролна станция Образцов цифлик край Русе. - Рез. на нем. ез.; Библиогр. с. 39.
650 #4 - Допълнително описание по предмет – тема
Основно описание – тема или топоним Русе - селско стопанство
9 (RLIN) 337517
653 ## - Ключова дума – ненормативна
Ключова дума земеделие
653 ## - Ключова дума – ненормативна
Ключова дума статистика
653 ## - Ключова дума – ненормативна
Ключова дума Образцов чифлик
659 ## - Тематичен бюлетин
Тематичен бюлетин К
852 ## - Местоположение
Форматна сигнатура Цб 37477
852 ## - Местоположение
Форматна сигнатура К 63/М 15 П
856 4# - Електронен адрес и достъп
Електронен формат pdf - файл
856 4# - Електронен адрес и достъп
Електронен формат pdf - файл
999 ## - СИСТЕМНИ КОНТРОЛНИ НОМЕРА
Koha biblionumber 167576
Koha biblioitemnumber 167576
942 ## - АРТИКУЛИ
Вид на библиотечния материал Книги
Скрит в OPAC Не
Периодичен библиозапис Да
944 ## - СЪЗДАВАНЕ И РЕДАКЦИЯ на ЗАПИСА
Създаване/Редакция Създаване
Дата на регистрацията/редакция 15.05.2015
Статус, дата на статуса 15.05.2015 - от С1,Р / 15.05.2015
Служител, извършил регистрацията/редакцията Валя_Йорданова
944 ## - СЪЗДАВАНЕ И РЕДАКЦИЯ на ЗАПИСА
Създаване/Редакция Редакция
Дата на регистрацията/редакция 15.05.2015
Статус, дата на статуса 15.05.2015 - от С1,Р / 15.05.2015
999 ## - СИСТЕМНИ КОНТРОЛНИ НОМЕРА
Koha biblioitemnumber 167576
Наличности
Код за отписване Код за изгубен артикул Източник на класификационната схема Код за повреда Коз за рестрикции Код за отдаване Артикулен № Име на библиотеката - собственик Име на библиотеката, в която се намира в момента Статус (Текущо местоположение) Дата на вписване в системата Местоположение - отдел Цена в лева Инвентарен номер Систематично азбучна сигнатура Баркод Номер на екземпляра Цена в евро Служебна бележка Служебен тип на артикула
  Не е изгубен Universal Decimal Classification Не е повреден без рестрикции ползва се в читалня 282324 Регионална библиотека "Любен Каравелов" Русе Регионална библиотека "Любен Каравелов" Русе Краезнание 1941-01-01 Краезнание 0.40 2499/66 К 63/М 15 П 900000003278 1 0.20 N: Сф Дата: 01.01.1941 Дата инв: 10.11.2017 Бележки инв: К2017 Книги
Vip Innovations Ltd, Rousse, Bulgaria 2025